[Event "Gibraltar Masters 16th"]
[Site "Caleta"]
[Date "2018.02.01"]
[Round "10"]
[White "Van Zyl Rudd, Jack"]
[Black "Marder, Simon"]
[Result "1-0"]
[WhiteElo "2197"]
[BlackElo "2054"]
[PlyCount "57"]
[EventDate "2018.01.23"]
[EventType "swiss"]
[EventRounds "10"]
[EventCountry "GGB"]
[SourceTitle "CBM 183"]
[Source "ChessBase"]
[SourceDate "2018.03.14"]
[SourceVersion "1"]
[SourceVersionDate "2018.03.14"]
[SourceQuality "1"]

1. d4 Nf6 2. c4 e5 3. dxe5 Ng4 4. Bf4 Nc6 5. Nf3 Bb4+ 6. Nbd2 Qe7 7. e3 Ngxe5 8. Nxe5 Nxe5 9. Be2 0-0 10. 0-0 Bxd2 11. Qxd2 d6 12. Qc3 Re8 13. Rfc1 b6 14. b4 c5 15. Rd1 Bb7 16. Bg3 d5 17. Qxe5 Qxe5 18. Bxe5 Rxe5 19. bxc5 d4 20. cxb6 dxe3 21. Rd7 exf2+ 22. Kxf2 Bxg2 23. b7 Rae8 24. Kxg2 Rxe2+ 25. Kg1 Rb2 26. c5 g5 27. c6 Ree2 28. Rd8+ Kg7 29. b8Q 1-0

[Event "Gibraltar Masters 16th"]
[Site "Caleta"]
[Date "2018.01.28"]
[Round "6"]
[White "Mayank, Pal"]
[Black "Marder, Simon"]
[Result "1/2-1/2"]
[WhiteElo "1834"]
[BlackElo "2054"]
[PlyCount "61"]
[EventDate "2018.01.23"]
[EventType "swiss"]
[EventRounds "10"]
[EventCountry "GGB"]
[SourceTitle "CBM 183"]
[Source "ChessBase"]
[SourceDate "2018.03.14"]
[SourceVersion "1"]
[SourceVersionDate "2018.03.14"]
[SourceQuality "1"]

1. Nf3 b6 2. e4 Bb7 3. Nc3 e6 4. d4 g6 5. Bd3 Bg7 6. Be3 d6 7. Qd2 Nd7 8. 0-0 h6 9. h3 Ne7 10. Rad1 Kf8 11. Qe2 Kg8 12. Nh2 Kh7 13. f4 f5 14. e5 Nd5 15. Nxd5 exd5 16. g4 c5 17. gxf5 dxe5 18. fxg6+ Kg8 19. Qg4 Qe7 20. Bf5 exd4 21. Bf2 Nf6 22. Be6+ Kf8 23. Qf5 Ke8 24. Bh4 Rf8 25. Rfe1 Ne4 26. Bxe7 Rxf5 27. Bxf5 Kxe7 28. Bg4 Rf8 29. f5 Be5 30. Kg2 h5 31. Bxh5 1/2-1/2

[Event "Gibraltar Masters 16th"]
[Site "Caleta"]
[Date "2018.01.26"]
[Round "4"]
[White "Ansari, Athar"]
[Black "Marder, Simon"]
[Result "1/2-1/2"]
[WhiteElo "1919"]
[BlackElo "2054"]
[PlyCount "113"]
[EventDate "2018.01.23"]
[EventType "swiss"]
[EventRounds "10"]
[EventCountry "GGB"]
[SourceTitle "CBM 183"]
[Source "ChessBase"]
[SourceDate "2018.03.14"]
[SourceVersion "1"]
[SourceVersionDate "2018.03.14"]
[SourceQuality "1"]

1. e4 d5 2. e5 c5 3. Nc3 Nc6 4. f4 a6 5. Qf3 Nd4 6. Qd1 Bf5 7. d3 e6 8. Nf3 Bg4 9. Be2 Nxe2 10. Qxe2 Nh6 11. Nd1 Nf5 12. Qf2 Bxf3 13. Qxf3 Rc8 14. c3 h5 15. 0-0 g6 16. Ne3 Nxe3 17. Bxe3 c4 18. d4 b5 19. a3 Be7 20. Rf2 a5 21. h3 h4 22. Qd1 Qc7 23. Bd2 Rd8 24. Be1 Qb6 25. a4 b4 26. b3 Qc6 27. cxb4 axb4 28. Rd2 c3 29. Rf2 Kd7 30. Qc2 Qb6 31. Rd1 Rh5 32. Rf3 Rf5 33. Bf2 Qa6 34. Bxh4 Bxh4 35. g4 Qb6 36. gxf5 gxf5 37. Qd3 Rc8 38. Rc1 Ke7 39. Rc2 Rc7 40. Qd1 Kd7 41. Rd3 Qa6 42. Qe2 Rc8 43. Kh2 Rg8 44. Rf3 Qb6 45. Qd3 Rc8 46. Rf1 Ra8 47. Rg1 Ke7 48. Rg7 Be1 49. Qe2 Bd2 50. Rxd2 cxd2 51. Qxd2 Rc8 52. Rg1 Rc3 53. Rg3 Qc6 54. Rxc3 Qxc3 55. Qd1 Qe3 56. Kg2 Qxf4 57. Qd3 1/2-1/2

[Event "Hasselbacken op"]
[Site "Stockholm"]
[Date "2016.05.04"]
[Round "5"]
[White "Christiansen, Johan Sebastian"]
[Black "Marder, Simon"]
[Result "1-0"]
[WhiteElo "2410"]
[BlackElo "2008"]
[PlyCount "73"]
[EventDate "2016.04.30"]
[EventType "swiss"]
[EventRounds "9"]
[EventCountry "SWE"]
[SourceTitle "CBM 172 Extra"]
[Source "ChessBase"]
[SourceDate "2016.06.21"]
[SourceVersion "1"]
[SourceVersionDate "2016.06.21"]
[SourceQuality "1"]

1. c4 Nc6 2. Nc3 e5 3. Nf3 Nf6 4. g3 Nd4 5. Bg2 Nxf3+ 6. Bxf3 Bb4 7. 0-0 Bxc3 8. bxc3 0-0 9. Rb1 e4 10. Bg2 Re8 11. d3 h6 12. c5 Qe7 13. Ba3 Qe5 14. c4 Qh5 15. Bb2 c6 16. Bxf6 gxf6 17. Bxe4 Qxc5 18. Bf3 Rb8 19. Qc1 Kg7 20. Rd1 Qe5 21. Qa3 d5 22. cxd5 cxd5 23. Qxa7 Be6 24. Rd2 Ra8 25. Qb6 Bd7 26. Kg2 Bc6 27. Rb4 Ra6 28. Rg4+ Kh8 29. Qc5 f5 30. Rf4 Rea8 31. d4 Qe6 32. Rb2 Ra5 33. Qc2 Ra4 34. e3 Bd7 35. Rxb7 Rxa2 36. Qc7 Qxe3 37. Bxd5 1-0

[Event "Hasselbacken op"]
[Site "Stockholm"]
[Date "2016.05.02"]
[Round "3"]
[White "Nygren, Kim"]
[Black "Marder, Simon"]
[Result "1-0"]
[WhiteElo "2267"]
[BlackElo "2008"]
[PlyCount "57"]
[EventDate "2016.04.30"]
[EventType "swiss"]
[EventRounds "9"]
[EventCountry "SWE"]
[SourceTitle "CBM 172 Extra"]
[Source "ChessBase"]
[SourceDate "2016.06.21"]
[SourceVersion "1"]
[SourceVersionDate "2016.06.21"]
[SourceQuality "1"]

1. e4 d5 2. Nc3 dxe4 3. d3 exd3 4. Bxd3 Nf6 5. Bg5 c6 6. Qe2 Qa5 7. Bxf6 gxf6 8. 0-0-0 Be6 9. Bc4 Bxc4 10. Qxc4 Nd7 11. Nf3 e6 12. Rd4 0-0-0 13. Rhd1 Bh6+ 14. Kb1 Ne5 15. Rxd8+ Rxd8 16. Rxd8+ Qxd8 17. Qh4 Bf8 18. Nxe5 fxe5 19. Qxh7 Qd2 20. a3 Qxf2 21. Qg8 Qf1+ 22. Ka2 Qc4+ 23. Ka1 Qf1+ 24. Nb1 e4 25. Qxf8+ Kd7 26. Qb4 f5 27. Qxb7+ Kd8 28. Qxc6 Qf2 29. Qd6+ 1-0

[Event "Politiken Cup 36th"]
[Site "Helsingor"]
[Date "2014.07.26"]
[Round "7"]
[White "Skjoldager, Flemming"]
[Black "Marder, Simon"]
[Result "1/2-1/2"]
[WhiteElo "1882"]
[BlackElo "2082"]
[PlyCount "58"]
[EventDate "2014.07.21"]
[EventType "swiss"]
[EventRounds "10"]
[EventCountry "DEN"]
[SourceTitle "CBM 161 Extra"]
[Source "ChessBase"]
[SourceDate "2014.08.29"]
[SourceVersion "1"]
[SourceVersionDate "2014.08.29"]
[SourceQuality "1"]

1. Nf3 Nc6 2. b3 e5 3. Bb2 e4 4. Ng1 d5 5. e3 Nf6 6. Bb5 Bd7 7. d4 Bd6 8. h3 a6 9. Bxc6 Bxc6 10. Ne2 Bd7 11. Ba3 Bxa3 12. Nxa3 Qe7 13. Nb1 0-0 14. Nf4 a5 15. Nc3 c6 16. Na4 b6 17. a3 Rab8 18. 0-0 Kh8 19. c4 Be6 20. c5 b5 21. Nb6 Rb7 22. Qd2 Ra7 23. Qe2 Rg8 24. a4 b4 25. Nh5 Nxh5 26. Qxh5 f5 27. f4 exf3 28. Qxf3 Qg5 29. Qf4 h6 1/2-1/2

[Event "Politiken Cup 36th"]
[Site "Helsingor"]
[Date "2014.07.25"]
[Round "6"]
[White "Marder, Simon"]
[Black "Hojgaard, Brandur"]
[Result "1-0"]
[WhiteElo "2082"]
[BlackElo "1779"]
[PlyCount "35"]
[EventDate "2014.07.21"]
[EventType "swiss"]
[EventRounds "10"]
[EventCountry "DEN"]
[SourceTitle "CBM 161 Extra"]
[Source "ChessBase"]
[SourceDate "2014.08.29"]
[SourceVersion "1"]
[SourceVersionDate "2014.08.29"]
[SourceQuality "1"]

1. d4 Nf6 2. Bg5 d5 3. Nc3 h6 4. Bxf6 exf6 5. e3 c6 6. Bd3 Bd6 7. Nge2 0-0 8. Ng3 Be6 9. Nf5 Bxf5 10. Bxf5 Re8 11. Qg4 Re7 12. 0-0 Nd7 13. e4 Nb6 14. f4 Bb4 15. e5 fxe5 16. fxe5 Nc4 17. Nd1 Nb6 18. c3 1-0

[Event "Stockholm op"]
[Site "Stockholm"]
[Date "2014.05.31"]
[Round "8"]
[White "Marder, Simon"]
[Black "Ask, Josef"]
[Result "1-0"]
[WhiteElo "2040"]
[BlackElo "2204"]
[PlyCount "55"]
[EventDate "2014.05.28"]
[EventType "swiss"]
[EventRounds "9"]
[EventCountry "SWE"]
[SourceTitle "CBM 160 Extra"]
[Source "ChessBase"]
[SourceDate "2014.07.01"]
[SourceVersion "1"]
[SourceVersionDate "2014.07.01"]
[SourceQuality "1"]

1. d4 Nf6 2. Bg5 Ne4 3. Bf4 d5 4. f3 Nf6 5. e4 dxe4 6. Nc3 exf3 7. Nxf3 Bg4 8. h3 Bxf3 9. Qxf3 c6 10. 0-0-0 e6 11. Kb1 Nbd7 12. Bd3 Qb6 13. g4 Ba3 14. Bc1 0-0 15. g5 Nd5 16. Nxd5 cxd5 17. Bxh7+ Kxh7 18. Qxa3 Rac8 19. Qd3+ Kg8 20. h4 Rc4 21. h5 Rfc8 22. g6 f5 23. h6 Nf6 24. hxg7 Rc3 25. Qd2 Ng4 26. Qg5 Kxg7 27. Rh7+ Kg8 28. Qe7 1-0

[Event "Stockholm op"]
[Site "Stockholm"]
[Date "2014.05.29"]
[Round "3"]
[White "Marder, Simon"]
[Black "Lundin, Jan"]
[Result "1/2-1/2"]
[WhiteElo "2040"]
[BlackElo "2331"]
[PlyCount "83"]
[EventDate "2014.05.28"]
[EventType "swiss"]
[EventRounds "9"]
[EventCountry "SWE"]
[SourceTitle "CBM 160 Extra"]
[Source "ChessBase"]
[SourceDate "2014.07.01"]
[SourceVersion "1"]
[SourceVersionDate "2014.07.01"]
[SourceQuality "1"]

1. d4 d5 2. e4 c6 3. f3 e6 4. Nc3 Bb4 5. a3 Bxc3+ 6. bxc3 dxe4 7. Qe2 c5 8. fxe4 cxd4 9. Nf3 Qc7 10. Rb1 dxc3 11. a4 e5 12. Ba3 Ne7 13. Qe3 0-0 14. Rb3 Nbc6 15. Qxc3 Be6 16. Rb5 Rfc8 17. Bd3 Ng6 18. Qb2 b6 19. 0-0 f6 20. Rd5 Bxd5 21. exd5 Na5 22. d6 Qc3 23. Qa2+ Kh8 24. d7 Rd8 25. Qf7 Nf4 26. Nh4 Nxd3 27. Nf5 Rg8 28. Be7 Qc4 29. Qxc4 Nxc4 30. cxd3 Rgd8 31. Bxd8 Rxd8 32. Rc1 Rxd7 33. dxc4 g6 34. Ne3 Rd3 35. Nd5 Kg7 36. Rc3 Rd2 37. Nb4 e4 38. Kf1 f5 39. Rc2 Rd1+ 40. Ke2 Ra1 41. Ra2 Rc1 42. Nc2 1/2-1/2

[Event "Politiken Cup 35th"]
[Site "Helsingor"]
[Date "2013.08.04"]
[Round "10"]
[White "Marder, Simon"]
[Black "Nielsen, Morten"]
[Result "1/2-1/2"]
[WhiteElo "2049"]
[BlackElo "1965"]
[PlyCount "56"]
[EventDate "2013.07.27"]
[EventType "swiss"]
[EventRounds "10"]
[EventCountry "DEN"]
[SourceTitle "CBM 155 Extra"]
[Source "ChessBase"]
[SourceDate "2013.08.26"]
[SourceVersion "1"]
[SourceVersionDate "2013.08.26"]
[SourceQuality "1"]

1. d4 c5 2. dxc5 e6 3. Nc3 Bxc5 4. Ne4 Qb6 5. Nxc5 Qxc5 6. c3 d5 7. Qd4 Qxd4 8. cxd4 Nc6 9. Nf3 Nb4 10. Kd1 Bd7 11. Bd2 a5 12. Ne5 Nf6 13. Nxd7 Kxd7 14. f3 Ne8 15. e3 Nd6 16. a3 Nc6 17. Rc1 a4 18. Bd3 b5 19. Ke2 Rhe8 20. Kf2 Nc4 21. Bc3 f5 22. Rhe1 Rf8 23. Kg1 N4a5 24. Rc2 Rac8 25. Bb4 Rf7 26. Rce2 e5 27. dxe5 Nxe5 28. Bb1 Nec4 1/2-1/2

[Event "Politiken Cup 35th"]
[Site "Helsingor"]
[Date "2013.07.29"]
[Round "4"]
[White "Marder, Simon"]
[Black "Rose, Dennis Lauge"]
[Result "1-0"]
[WhiteElo "2049"]
[BlackElo "1827"]
[PlyCount "137"]
[EventDate "2013.07.27"]
[EventType "swiss"]
[EventRounds "10"]
[EventCountry "DEN"]
[SourceTitle "CBM 155 Extra"]
[Source "ChessBase"]
[SourceDate "2013.08.26"]
[SourceVersion "1"]
[SourceVersionDate "2013.08.26"]
[SourceQuality "1"]

1. d4 f5 2. Nc3 Nf6 3. e4 fxe4 4. Bg5 e3 5. fxe3 e6 6. e4 Be7 7. Nf3 b6 8. Bd3 Bb7 9. Qe2 Nc6 10. a3 a6 11. d5 Nb8 12. dxe6 dxe6 13. Rd1 Nfd7 14. Be3 Bf6 15. e5 Bh4+ 16. g3 0-0 17. 0-0 Be7 18. Bc4 Qe8 19. Bxe6+ Kh8 20. Bd5 c6 21. Bc4 b5 22. Ba2 Rxf3 23. Qxf3 Nxe5 24. Qe4 Bf6 25. Rd6 Nbd7 26. Re6 Qc8 27. Qf5 Qc7 28. Rf2 Rf8 29. Kf1 Bc8 30. Bf4 g6 31. Qe4 Nc5 32. Qe2 Nxe6 33. Bxe6 Bxe6 34. Bxe5 Bxe5 35. Rxf8+ Kg7 36. Qf2 Qd6 37. Rf3 Bc4+ 38. Kg2 Bd4 39. Qd2 Qe5 40. Qf4 g5 41. Qxe5+ Bxe5 42. g4 Bf4 43. Rxf4 gxf4 44. Kf3 a5 45. Kxf4 b4 46. axb4 axb4 47. Ne4 Be2 48. h4 Bd1 49. c3 bxc3 50. Nxc3 Bc2 51. Ke5 Bb3 52. Kd6 h6 53. Kxc6 Be6 54. g5 hxg5 55. hxg5 Kg6 56. b4 Bc4 57. Kc5 Bd3 58. Kd4 Ba6 59. Ne4 Kf5 60. Ke3 Kg6 61. Kf4 Kf7 62. b5 Bxb5 63. Nd6+ Kg6 64. Nxb5 Kf7 65. Kf5 Kg7 66. Nd6 Kf8 67. Kf6 Kg8 68. Kg6 Kh8 69. Kf7 1-0

[Event "Politiken Cup 35th"]
[Site "Helsingor"]
[Date "2013.07.28"]
[Round "2"]
[White "Marder, Simon"]
[Black "Bekker Jensen, David"]
[Result "0-1"]
[WhiteElo "2049"]
[BlackElo "2310"]
[PlyCount "110"]
[EventDate "2013.07.27"]
[EventType "swiss"]
[EventRounds "10"]
[EventCountry "DEN"]
[SourceTitle "CBM 155 Extra"]
[Source "ChessBase"]
[SourceDate "2013.08.26"]
[SourceVersion "1"]
[SourceVersionDate "2013.08.26"]
[SourceQuality "1"]

1. d4 Nf6 2. Nc3 d5 3. Bg5 Nbd7 4. f3 g6 5. e4 dxe4 6. fxe4 c6 7. Nf3 h6 8. Be3 Bg7 9. h3 0-0 10. Qd2 Kh7 11. e5 Nd5 12. Nxd5 cxd5 13. Bd3 Nb6 14. b3 f5 15. 0-0 Be6 16. a4 Rc8 17. h4 Bf7 18. g3 e6 19. a5 Na8 20. c4 Nc7 21. Rfc1 Be8 22. Ne1 Rg8 23. Ng2 Bf8 24. Kf2 Bc6 25. Nf4 Qd7 26. Rg1 Rd8 27. c5 Bb5 28. b4 Bg7 29. h5 g5 30. Nh3 Kh8 31. Nxg5 Bxd3 32. Qxd3 hxg5 33. Bxg5 Bxe5 34. Bxd8 Bg7 35. Bg5 Nb5 36. Be3 a6 37. g4 f4 38. Bxf4 Bxd4+ 39. Be3 Bxa1 40. Rxa1 Rxg4 41. Rg1 Qf7+ 42. Ke2 Qxh5 43. Rxg4 Qxg4+ 44. Kf1 Qf5+ 45. Qxf5 exf5 46. Ke2 Kg7 47. Kd3 Kf6 48. Bf4 Na7 49. Kd4 Ke6 50. Bd2 Nc6+ 51. Kd3 Ke5 52. Ke3 d4+ 53. Kd3 Kd5 54. Be1 Ne5+ 55. Kc2 Kc4 0-1

[Event "Politiken Cup 34th"]
[Site "Helsingor"]
[Date "2012.08.04"]
[Round "9"]
[White "Marder, Simon"]
[Black "Hansen, Herluf"]
[Result "0-1"]
[WhiteElo "2013"]
[BlackElo "2079"]
[PlyCount "124"]
[EventDate "2012.07.28"]
[EventType "swiss"]
[EventRounds "10"]
[EventCountry "DEN"]
[SourceTitle "CBM 149 Extra"]
[Source "ChessBase"]
[SourceDate "2012.08.24"]
[SourceVersion "1"]
[SourceVersionDate "2012.08.24"]
[SourceQuality "1"]

1. d4 Nf6 2. Bg5 Ne4 3. Bf4 d5 4. f3 Nf6 5. e4 dxe4 6. Nc3 g6 7. fxe4 Bg7 8. Nf3 0-0 9. Qd2 a6 10. Bh6 Bg4 11. 0-0-0 Nc6 12. e5 Nd5 13. Ne4 Ndb4 14. Bxg7 Nxa2+ 15. Kb1 Kxg7 16. d5 Ncb4 17. Bc4 Qe8 18. Bxa2 Nxa2 19. Qd4 Rd8 20. Kxa2 Rxd5 21. Nf6 exf6 22. exf6+ Kg8 23. Qxg4 Rf5 24. Kb1 Rxf6 25. Rhe1 Qb5 26. Re5 Qb6 27. Qd4 Rd6 28. Rd5 Rxd5 29. Qxd5 Re8 30. Ne5 Qf2 31. Qf3 Qxf3 32. Nxf3 Re7 33. Kc1 Kg7 34. Re1 Rd7 35. Rd1 Re7 36. Kd2 h6 37. Re1 Rd7+ 38. Kc3 g5 39. Ne5 Rd6 40. Nc4 Rd7 41. b4 f5 42. Na5 b6 43. Nb3 Kf6 44. Nd4 Rd6 45. Re8 f4 46. Rc8 Rd7 47. Rh8 Kg6 48. Kc4 h5 49. Nf3 Rg7 50. Kd5 g4 51. Ne5+ Kg5 52. Ke4 h4 53. Rf8 f3 54. Rf4 Kh5 55. g3 hxg3 56. hxg3 a5 57. bxa5 bxa5 58. Rf5+ Rg5 59. Rf8 Kh6 60. Nf7+ Kg7 61. Rg8+ Kxg8 62. Nxg5 f2 0-1

[Event "Gibraltar Masters 10th"]
[Site "Caleta"]
[Date "2012.01.31"]
[Round "8"]
[White "Mozelius, Peter"]
[Black "Marder, Simon"]
[Result "1/2-1/2"]
[WhiteElo "1869"]
[BlackElo "2032"]
[PlyCount "66"]
[EventDate "2012.01.24"]
[EventType "swiss"]
[EventRounds "10"]
[EventCountry "GGB"]
[SourceTitle "CBM 147"]
[Source "ChessBase"]
[SourceDate "2012.03.16"]
[SourceVersion "1"]
[SourceVersionDate "2012.03.16"]
[SourceQuality "1"]

1. d4 Nf6 2. Bg5 e6 3. e3 d5 4. Bd3 Be7 5. Nf3 0-0 6. 0-0 c5 7. c3 Nc6 8. h3 h6 9. Bh4 Nd7 10. Bxe7 Qxe7 11. Nbd2 e5 12. dxe5 Ndxe5 13. Nxe5 Nxe5 14. Be2 Bd7 15. Nf3 Bc6 16. Nxe5 Qxe5 17. Bf3 Rad8 18. Qc2 Rd6 19. Rad1 Rfd8 20. b4 c4 21. Rd4 b5 22. Rfd1 a6 23. Bg4 Bd7 24. Bxd7 R8xd7 25. Rf4 Rf6 26. Rxf6 Qxf6 27. Rd4 Qe6 28. Rf4 Re7 29. Qf5 Qxf5 30. Rxf5 Rd7 31. Rf4 Kf8 32. g4 Ra7 33. Rd4 a5 1/2-1/2

[Event "Gibraltar Challengers-A 10th"]
[Site "Caleta"]
[Date "2012.01.24"]
[Round "2"]
[White "Wihlborn, Bengt"]
[Black "Marder, Simon"]
[Result "0-1"]
[WhiteElo "1866"]
[BlackElo "2032"]
[PlyCount "98"]
[EventDate "2012.01.23"]
[EventType "swiss"]
[EventRounds "5"]
[EventCountry "GGB"]
[SourceTitle "CBM 146 Extra"]
[Source "ChessBase"]
[SourceDate "2012.02.29"]
[SourceVersion "1"]
[SourceVersionDate "2012.02.29"]
[SourceQuality "1"]

1. Nf3 Nc6 2. d4 d5 3. Bf4 Bg4 4. c3 e6 5. Qb3 Rb8 6. Nbd2 Bd6 7. Bg3 Nf6 8. e3 a6 9. Bd3 Bxf3 10. gxf3 e5 11. Rg1 Kf8 12. Bh4 Be7 13. a3 b5 14. Qc2 a5 15. Ke2 Nd7 16. Bxe7+ Qxe7 17. Rg4 h5 18. Rg2 exd4 19. Rag1 dxe3 20. fxe3 b4 21. Rxg7 bxc3 22. Qxc3 Qf6 23. Qxf6 Nxf6 24. b3 Ne5 25. Bf5 Ng6 26. Rxf7+ Kxf7 27. Bxg6+ Ke7 28. h4 Rhg8 29. Rg5 c6 30. f4 Kd6 31. Kd3 c5 32. f5 Rb7 33. Kc3 Re7 34. Kd3 Rb7 35. Kc3 Rgg7 36. Kc2 Ke5 37. Kd3 a4 38. bxa4 Ra7 39. Rg1 Rxa4 40. Rb1 Rxa3+ 41. Ke2 Ra2 42. Rb6 Re7 43. Kd3 c4+ 44. Kc3 Rxd2 45. Kxd2 Ne4+ 46. Kc2 Nf6 47. Rb8 Nd7 48. Rh8 Nf6 49. Rf8 Nd7 0-1

[Event "Gibraltar Masters 9th"]
[Site "Caleta"]
[Date "2011.01.30"]
[Round "6"]
[White "Marder, Simon"]
[Black "Oberhofer, Andre"]
[Result "0-1"]
[WhiteElo "1990"]
[BlackElo "2270"]
[PlyCount "68"]
[EventDate "2011.01.25"]
[EventType "swiss"]
[EventRounds "10"]
[EventCountry "GGB"]
[SourceTitle "CBM 141"]
[Source "ChessBase"]
[SourceDate "2011.03.17"]
[SourceVersion "1"]
[SourceVersionDate "2011.03.17"]
[SourceQuality "1"]

1. d4 Nf6 2. Bg5 Ne4 3. Bf4 d5 4. f3 Nf6 5. e4 dxe4 6. Nc3 e3 7. Qd3 e6 8. Qxe3 Bb4 9. Bc4 Nbd7 10. d5 Nb6 11. Bb5+ Kf8 12. dxe6 Bxe6 13. Nge2 Nbd5 14. Qd4 c6 15. Bd3 Qb6 16. Bd2 Bc5 17. Qe5 Bf2+ 18. Kd1 Qc5 19. Kc1 Nd7 20. Qe4 N7f6 21. Qe5 Re8 22. Na4 Qe7 23. Rf1 Nd7 24. Qh5 Be3 25. f4 Qb4 26. Nac3 N7f6 27. Qh4 Bg4 28. f5 Qb6 29. Nxd5 cxd5 30. Qg3 Bxe2 31. Bxe3 Rxe3 32. Qb8+ Re8 33. Qxe8+ Kxe8 34. Re1 Kd8 0-1

[Event "Gibraltar Challengers-B 9th"]
[Site "Caleta"]
[Date "2011.01.29"]
[Round "1"]
[White "Seyfried, Claus"]
[Black "Marder, Simon"]
[Result "1/2-1/2"]
[WhiteElo "2173"]
[BlackElo "1990"]
[PlyCount "96"]
[EventDate "2011.01.29"]
[EventType "swiss"]
[EventRounds "5"]
[EventCountry "GGB"]
[SourceTitle "CBM 140 Extra"]
[Source "ChessBase"]
[SourceDate "2011.03.01"]
[SourceVersion "1"]
[SourceVersionDate "2011.03.01"]
[SourceQuality "1"]

1. e4 Nc6 2. Nf3 Nf6 3. d4 Nxe4 4. d5 Nb4 5. a3 Na6 6. Qd4 Nf6 7. Nc3 c5 8. Qh4 Nc7 9. Bc4 b5 10. Ba2 d6 11. Bg5 e5 12. dxe6 fxe6 13. 0-0 Be7 14. Bxf6 Bxf6 15. Qh5+ g6 16. Qh6 Qe7 17. Rad1 Bxc3 18. bxc3 c4 19. Rfe1 Bd7 20. a4 a6 21. Qf4 Rf8 22. Qxd6 Qxd6 23. Rxd6 Ke7 24. Rd4 Rxf3 25. gxf3 Bc6 26. Bxc4 bxc4 27. Rxc4 Kd6 28. Rd1+ Nd5 29. Re4 Ke7 30. Rde1 Bd7 31. Rh4 Nf6 32. a5 Rc8 33. c4 Rc5 34. Ra1 Bc6 35. Ra3 Rf5 36. Rh3 Kd6 37. Kf1 Kc5 38. Ke1 Nh5 39. Kd2 Kxc4 40. f4 Rd5+ 41. Kc1 Kc5 42. Rab3 Kd6 43. Rb6 Rxa5 44. Rc3 Rc5 45. Rd3+ Kc7 46. Rxa6 Nxf4 47. Re3 e5 48. Ra7+ Kd6 1/2-1/2

[Event "Gibraltar Challengers-A 9th"]
[Site "Caleta"]
[Date "2011.01.27"]
[Round "4"]
[White "Marder, Simon"]
[Black "Carlsten, Peter"]
[Result "1-0"]
[WhiteElo "1990"]
[BlackElo "2110"]
[PlyCount "39"]
[EventDate "2011.01.24"]
[EventType "swiss"]
[EventRounds "5"]
[EventCountry "GGB"]
[SourceTitle "CBM 140 Extra"]
[Source "ChessBase"]
[SourceDate "2011.03.01"]
[SourceVersion "1"]
[SourceVersionDate "2011.03.01"]
[SourceQuality "1"]

1. Nc3 d5 2. d4 f5 3. e4 dxe4 4. Bg5 Nc6 5. Bb5 Bd7 6. f3 Nf6 7. Qd2 exf3 8. Nxf3 Ne4 9. Nxe4 fxe4 10. Qf4 exf3 11. Bc4 Qc8 12. 0-0 Nd8 13. Qxf3 Be6 14. d5 Bg4 15. Qg3 Bh5 16. h3 h6 17. Bxe7 Bxe7 18. Qxg7 Nf7 19. d6 Nxd6 20. Rae1 1-0

[Event "Gibraltar Challengers-A 9th"]
[Site "Caleta"]
[Date "2011.01.24"]
[Round "1"]
[White "Marder, Simon"]
[Black "Vogel, Jaap"]
[Result "1/2-1/2"]
[WhiteElo "1990"]
[BlackElo "2207"]
[PlyCount "58"]
[EventDate "2011.01.24"]
[EventType "swiss"]
[EventRounds "5"]
[EventCountry "GGB"]
[SourceTitle "CBM 140 Extra"]
[Source "ChessBase"]
[SourceDate "2011.03.01"]
[SourceVersion "1"]
[SourceVersionDate "2011.03.01"]
[SourceQuality "1"]

1. d4 e6 2. e4 d5 3. Nc3 Bb4 4. e5 c5 5. a3 Bxc3+ 6. bxc3 Qa5 7. Bd2 Qa4 8. Nf3 b6 9. Be3 Ba6 10. Bd3 cxd4 11. Nxd4 Ne7 12. Qh5 Bxd3 13. cxd3 0-0 14. 0-0 Nd7 15. f4 Rac8 16. Bd2 Nc5 17. Rf3 f5 18. exf6 Rxf6 19. Rh3 h6 20. g4 Qe8 21. Qh4 Qg6 22. Qg3 Rcf8 23. Re1 Qf7 24. Qg2 g5 25. f5 exf5 26. Rxe7 Qxe7 27. Nxf5 Rxf5 28. gxf5 Rxf5 29. Rxh6 Qg7 1/2-1/2

[Event "Gibraltar Masters 8th"]
[Site "Caleta"]
[Date "2010.02.04"]
[Round "10"]
[White "Marder, Simon"]
[Black "Compton, Alistair"]
[Result "1-0"]
[WhiteElo "1993"]
[BlackElo "2066"]
[PlyCount "81"]
[EventDate "2010.01.26"]
[EventType "swiss"]
[EventRounds "10"]
[EventCountry "GGB"]
[SourceTitle "CBM 134 Extra"]
[Source "ChessBase"]
[SourceDate "2010.03.03"]
[SourceVersion "1"]
[SourceVersionDate "2010.03.03"]
[SourceQuality "1"]

1. d4 e6 2. e4 d5 3. Nc3 Bb4 4. Nge2 dxe4 5. a3 Be7 6. Nxe4 Nf6 7. N2g3 Bd7 8. Bd3 Bc6 9. c3 Nbd7 10. Bf4 Nxe4 11. Nxe4 Nf6 12. Qe2 Qd5 13. f3 0-0-0 14. 0-0 Kb8 15. b4 Nh5 16. Be3 f5 17. Bc4 Qd7 18. Nc5 Bxc5 19. bxc5 Nf6 20. Bg5 Rde8 21. Rfd1 h6 22. Bxf6 gxf6 23. a4 Rhg8 24. a5 Rg7 25. Ra2 Bd5 26. Rb2 Reg8 27. Qf1 Qa4 28. Bxd5 exd5 29. Rdb1 Kc8 30. Kh1 c6 31. Qd3 Qxa5 32. Qxf5+ Kb8 33. Qxf6 Ka8 34. Qxh6 Rg6 35. Qe3 R6g7 36. g3 Qd8 37. Re1 Rh7 38. f4 Qd7 39. Qe6 Qd8 40. Rbe2 a6 41. Qxg8 1-0

[Event "Gibraltar Challengers-B 8th"]
[Site "Caleta"]
[Date "2010.02.02"]
[Round "3"]
[White "Vea, Odin Blikra"]
[Black "Marder, Simon"]
[Result "1/2-1/2"]
[WhiteElo "2189"]
[BlackElo "1993"]
[PlyCount "75"]
[EventDate "2010.01.31"]
[EventType "swiss"]
[EventRounds "5"]
[EventCountry "GGB"]
[SourceTitle "EXT 2011"]
[Source "ChessBase"]
[SourceDate "2010.11.26"]
[SourceVersion "1"]
[SourceVersionDate "2010.11.26"]
[SourceQuality "1"]

1. e4 d5 2. exd5 Qxd5 3. Nc3 Qd6 4. d4 c6 5. Bc4 Nf6 6. Bg5 Bf5 7. Nf3 Nbd7 8. 0-0 Bg4 9. Be2 e6 10. Qd2 Qc7 11. Ne5 Bf5 12. Bd3 Bxd3 13. Qxd3 Nxe5 14. dxe5 Qxe5 15. Bxf6 gxf6 16. Rad1 Qc7 17. Qf3 f5 18. Rfe1 Be7 19. Qh5 Kf8 20. Qh6+ Ke8 21. Qg7 Rf8 22. Qxh7 Rd8 23. Rxd8+ Kxd8 24. Qg7 Kc8 25. h4 Qf4 26. g3 Qd2 27. Rxe6 fxe6 28. Qxe7 Qe1+ 29. Kg2 Rd8 30. h5 f4 31. g4 e5 32. Qh7 f3+ 33. Kg3 Qg1+ 34. Kh4 Qh2+ 35. Kg5 Qf4+ 36. Kh4 Qh2+ 37. Kg5 Qf4+ 38. Kh4 1/2-1/2